Análisis estadístico multivariante

Saved in:
Bibliografiske detaljer
Main Authors: Garza García, Jorge de la (Author), Morales Serrano, Blanca Nieves (Author), González Cavazos, Beatriz Adriana (Author)
Format: Bog
Sprog:spansk
Udgivet: Ciudad de México McGraw-Hill Interamericana 2013
Udgivelse:1a. ed
Fag:
Tags: Tilføj Tag
Ingen Tags, Vær først til at tagge denne postø!

MARC

LEADER 00000cam a2200000 a 4500
001 UCF7660
003 CL-VaPUC
008 130704e20130000MX |||||||||||||||||spa|d
020 |a 9786071508171 
082 0 4 |a 519.53  |b GAR  |2 21 
100 0 |a Garza García, Jorge de la  |e author  |9 569743 
700 0 |a Morales Serrano, Blanca Nieves  |e author  |9 569744 
700 0 |a González Cavazos, Beatriz Adriana  |e author  |9 569745 
245 1 0 |a Análisis estadístico multivariante 
250 |a 1a. ed 
300 |a 712 p 
942 |c BK 
945 |d 20130704 00:00:00  |a cmena 
260 |a Ciudad de México  |b McGraw-Hill Interamericana  |c 2013 
650 0 |a Análisis estadístico  |9 269506 
650 0 |a Análisis multivariable  |9 346260 
650 0 |a Estadística matemática  |9 260028 
650 0 |a Regresión múltiple  |9 424908 
583 |a last modification  |c 20130704 11:43:00  |k Rodrigo Vera 
999 |c 352464  |d 352462 
952 |0 0  |1 0  |4 0  |6 519_530000000000000_GAR_2013  |7 0  |8 A  |9 457001  |a BIBENE  |b BIBENE  |d 2019-11-22  |i 4982436  |l 2  |m 3  |o 519.53 GAR 2013  |p 4982436  |r 2025-01-15  |s 2024-05-10  |w 2019-11-22  |y BK  |k ICO